000 01132cab a2200289 4500
001 ABS37380
008 090401t1987 xxu||||| |||| 00| 0 eng d
035 _a(Sirsi) u4020
041 _aeng
100 _aFerguson, A.
245 _aPractice regulations: proposals for further changes
260 _c1987
350 _a0
490 _aArchitects` Journal
_v185(5) 4 February 1987 69-71
520 _aThis two-part article brings together reactions from the authors of the AJ guide to the 1985 Building Regulations to the DOE consultation paper proposing changes to the current building regulations. Looks at the proposed changes in general and then examines some of the subject areas in detail.
650 _aBUILDING REGULATIONS 1985
650 _aENERGY CONSERVATION
650 _aMANAGEMENT-HEALTH AND SAFETY-FIRE SAFETY
650 _aSOUND INSULATION
650 _aBUILT ENVIRONMENT-BUILDING ELEMENTS-COMPLETE BUILDING ELEMENTS-STAIRS
650 _aSTRUCTURE
650 _aTHERMAL INSULATION
650 _aVENTILATION
690 _aBUILDING AND CONSTRUCTION-REGULATIONS
942 _n0
948 _c04/03/1997
999 _c2408
_d2408